| 000 | 00659nam a22002177a 4500 | ||
|---|---|---|---|
| 005 | 20160727103741.0 | ||
| 010 | _aENG-115543 | ||
| 020 |
_a9789351480174 _c450.00 |
||
| 020 |
_a9351480178 _c450.00 |
||
| 035 | _aEN-99075 | ||
| 037 | _bDBAD/PUB | ||
| 082 | _a280.21 | ||
| 100 | _aLovely | ||
| 245 |
_aPandora's box of 101 sins : _cBy Lovely _ba book based on the holy Bible / |
||
| 260 |
_aNew Delhi _bChristian World Imprints _c2013 |
||
| 270 |
_aH-12,Bali Nagar _bNew Delhi _e110015 |
||
| 300 |
_axxiv,,264p. _c23cm(pbk) |
||
| 490 | _aChristian Heritage Rediscovered-9 | ||
| 500 | _aIncludes,index | ||
| 942 |
_2ddc _cEN _h280.21 _mLOV |
||
| 999 |
_c101493 _d101493 |
||